书目信息 |
| 题名: |
中华历史人物故事集
|
|
| 作者: | 韩旺辰 编写 | |
| 分册: | 二 | |
| 出版信息: | 北京 中国广播电视出版社 1991 |
|
| 页数: | 219页 | |
| 开本: | 19cm | |
| 丛书名: | ||
| 单 册: | ||
| 中图分类: | I287.53 , I242 | |
| 科图分类: | ||
| 主题词: | 儿童文学--历史故事--中国--现代--选集 , 中国 , 历史故事 | |
| 电子资源: | ||
| ISBN: | 7-5043-1260-6 | |
| 000 | 00835nam0 2200253 450 | |
| 001 | 1539533245 | |
| 005 | 20150123105946.78 | |
| 010 | @a7-5043-1260-6@dCNY3.50 | |
| 100 | @a20130329d1991 am y0chiy0110 ea | |
| 101 | 0 | @achi |
| 102 | @aCN@b110000 | |
| 105 | @ay z 000zd | |
| 200 | 1 | @a中华历史人物故事集@9zhong hua li shi ren wu gu shi ji@h二@f韩旺辰等编写 |
| 210 | @a北京@c中国广播电视出版社@d1991 | |
| 215 | @a219页@d19cm | |
| 330 | @a本集讲了吕后是怎样成为我国历史上第一位女王的故事;讲了汉武帝的文治武功;讲了三国时代的杰出人物诸葛亮、曹操的故事,还讲了唐太宗李世民的一生业绩。 | |
| 606 | 0 | @a儿童文学@x历史故事@y中国@z现代@x选集 |
| 606 | 0 | @x中国 |
| 606 | 0 | @a历史故事 |
| 690 | @aI287.53@v5 | |
| 690 | @aI242@v4 | |
| 701 | 0 | @a韩旺辰@9han wang chen@4编写 |
| 801 | 0 | @aCN@bTSSF@c20150123 |
| 905 | @aZUCC@dI242@eJY1:2 | |
| 中华历史人物故事集.二/韩旺辰等编写.-北京:中国广播电视出版社,1991 |
| 219页;19cm |
| ISBN 7-5043-1260-6:CNY3.50 |
| 本集讲了吕后是怎样成为我国历史上第一位女王的故事;讲了汉武帝的文治武功;讲了三国时代的杰出人物诸葛亮、曹操的故事,还讲了唐太宗李世民的一生业绩。 |
| ● |
| 相关链接 |
|
|
|
|
正题名:中华历史人物故事集
索取号:I242/JY1:2
 
预约/预借
| 序号 | 登录号 | 条形码 | 馆藏地/架位号 | 状态 | 备注 |
| 1 | 7839825 | 278398253 | 学院路分馆/ [索取号:I242/JY1:2] | 在馆 | |
| 2 | 7843108 | 278431083 | 学院路分馆/ [索取号:I242/JY1:2] | 在馆 |